header

Aging in Asia (Record no. 163857)

MARC details
000 -LEADER
fixed length control field 01524nam a2200385 a 4500
082 04 - DEWEY DECIMAL CLASSIFICATION NUMBER
Classification number 305.26095
245 00 - TITLE STATEMENT
Title Aging in Asia
260 ## - PUBLICATION, DISTRIBUTION, ETC. (IMPRINT)
Place of publication New York :
Name of publisher Nova Science Publishers,
Year of publication c2009.
300 ## - PHYSICAL DESCRIPTION
Number of Pages vi, 219 p. :
Other physical details ill., maps.
490 1# - SERIES STATEMENT
Series statement Aging issues, health and financial alternatives series
505 0# - FORMATTED CONTENTS NOTE
Formatted contents note pt. 1. Aging in Asia : case studies -- pt. 2. Rethinking aging in Asia.
650 #0 - SUBJECT ADDED ENTRY--TOPICAL TERM
Topical Term Aging
Topical Term Older people
700 1# - ADDED ENTRY--PERSONAL NAME
Personal name Powell, Jason L.,
Personal name Cook, Ian G.
856 40 - ELECTRONIC LOCATION AND ACCESS
Uniform Resource Identifier http://site.ebrary.com/lib/rucke/Doc?id=10674956

No items available.

© 2026 Rongo University
Contact us: librarian | system librarian | Rongo university